[Event "13th Asian Continental 2014"]
[Site "Sharjah UAE"]
[Date "2014.04.18"]
[Round "2.28"]
[White "Omar, Noaman"]
[Black "Shehab, Ibrahim"]
[Result "1-0"]
[WhiteTitle "IM"]
[WhiteElo "2361"]
[BlackElo "2082"]
[WhiteFideId "9300244"]
[BlackFideId "10300082"]
[EventDate "2014.04.17"]

1. d4 Nf6 2. c4 c5 3. d5 e6 4. Nc3 exd5 5. cxd5 d6 6. e4 g6 7. h3 Bg7 8. Nf3 O-O
9. Bg5 Qa5 10. Bd3 b5 11. O-O b4 12. Ne2 Nbd7 13. Re1 c4 14. Bc2 Nc5 15. Ng3 Bb7
16. Qd2 Nfd7 17. Nd4 Qb6 18. Bh6 Ne5 19. Nh5 gxh5 20. Bxg7 f6 21. Bxf8 Rxf8 22.
Re3 h4 23. Nf5 Ng6 24. Rf3 Nd7 25. Qh6 Rf7 26. Nxh4 Nde5 27. Rg3 Rg7 28. Nf5 Rf7
29. Rf1 Qc7 30. f4 Nd3 31. Bxd3 cxd3 32. Nh4 Rg7 33. Nxg6 hxg6 34. Rxg6 1-0

[Event "13th Asian Continental 2014"]
[Site "Sharjah UAE"]
[Date "2014.04.18"]
[Round "2.29"]
[White "Chahrour, Ibrahim"]
[Black "Khader, Sami"]
[Result "1-0"]
[WhiteTitle "FM"]
[BlackTitle "IM"]
[WhiteElo "2079"]
[BlackElo "2356"]
[WhiteFideId "5301653"]
[BlackFideId "8100500"]
[EventDate "2014.04.17"]

1. e4 c6 2. d4 d5 3. exd5 cxd5 4. Nf3 Nf6 5. Ne5 Nc6 6. c3 e6 7. Nd2 Bd6 8. f4
O-O 9. Qf3 Ne8 10. Bd3 Ne7 11. O-O f6 12. Ng4 Bc7 13. b3 Ba5 14. b4 Bc7 15. Nb3
Nd6 16. Qe2 Ne4 17. Bb2 Ng6 18. g3 Ne7 19. Bxe4 dxe4 20. c4 Qe8 21. Ne3 b6 22.
a4 Qg6 23. b5 Re8 24. Ba3 Bb7 25. a5 Rad8 26. Bb2 Bb8 27. c5 Nd5 28. c6 Bc8 29.
Kh1 Bc7 30. axb6 Bxb6 31. Nc4 e5 32. Nxb6 axb6 33. dxe5 Bg4 34. Qc4 fxe5 35. c7
Rc8 36. Bxe5 Qf7 37. Rac1 Bh3 38. Rf2 e3 39. Rb2 Be6 40. Qd4 Nxc7 41. Qxe3 Nd5
42. Qd2 Nf6 43. Nd4 Bd5+ 44. Kg1 Ne4 45. Qe3 Nc5 46. Rbc2 Bb7 47. Rd2 h6 48. Ne2
Rcd8 49. Rcd1 Rxd2 50. Rxd2 Ne4 51. Rd4 Qa2 52. Nc1 Qb1 53. Rd7 Rc8 54. Rxg7+
Kf8 55. Qa3+ Nc5 56. Rxb7 Qe4 57. Bd6+ Kg8 58. Rb8 Qd4+ 59. Kg2 Qd2+ 60. Kh3
Rxb8 61. Bxb8 Qd7+ 62. g4 h5 63. Qa2+ Kf8 64. Qe2 Ne4 65. Kg2 Qb7 66. Be5 Ng5+
67. Kg3 Ne4+ 68. Kh4 Qc8 69. h3 Qb7 70. g5 Qd5 71. Qxh5 Nc5 72. Qh8+ Ke7 73.
Bf6+ Kd6 74. Qd8+ Nd7 75. Be7+ Ke6 76. Qg8+ 1-0

[Event "13th Asian Continental 2014"]
[Site "Sharjah UAE"]
[Date "2014.04.18"]
[Round "2.31"]
[White "Abdulkarim, Ali"]
[Black "Chu, Wei Chao"]
[Result "0-1"]
[WhiteElo "1927"]
[BlackElo "2315"]
[WhiteFideId "9301640"]
[BlackFideId "8605661"]
[EventDate "2014.04.17"]

1. d4 Nf6 2. c4 g6 3. Nc3 Bg7 4. Nf3 O-O 5. e4 d6 6. h3 Nbd7 7. Be2 e5 8. d5 Nc5
9. Qc2 a5 10. Be3 b6 11. O-O Nh5 12. a3 f5 13. b4 Nxe4 14. Nxe4 fxe4 15. Ng5 Nf4
16. Nxe4 Bf5 17. Bxf4 exf4 18. Rae1 axb4 19. axb4 Ra3 20. Bd3 f3 21. Re3 fxg2
22. Kxg2 Qh4 23. f4 Bd4 24. Ref3 Rfa8 25. Nf2 Bxd3 26. Rxd3 Ra2 27. Qxa2 Rxa2
28. Rxd4 Ra3 29. Re4 Qg3+ 30. Kh1 Ra2 0-1

[Event "13th Asian Continental 2014"]
[Site "Sharjah UAE"]
[Date "2014.04.18"]
[Round "2.32"]
[White "Najjar, Ahmad"]
[Black "khayat, Abdullah F"]
[Result "1-0"]
[WhiteTitle "FM"]
[WhiteElo "2261"]
[BlackElo "1716"]
[WhiteFideId "5300100"]
[BlackFideId "21500460"]
[EventDate "2014.04.17"]

1. d4 c6 2. Nf3 d5 3. c4 Bf5 4. Qb3 Qc7 5. cxd5 cxd5 6. Nc3 e6 7. Nb5 Qb6 8. Bf4
Qa5+ 9. Bd2 Qb6 10. Bf4 Qa5+ 11. Nc3 b6 12. e3 Nd7 13. Bb5 Bb4 14. O-O Nf6 15.
Ne5 Rc8 16. Rac1 a6 17. Nxd5 O-O 18. Rxc8 Rxc8 19. Bxd7 Nxd7 20. Nxb4 Nf6 21.
Nbc6 Rxc6 22. Nxc6 Qd2 23. Ne7+ Kh8 24. Nxf5 exf5 25. Qxf7 h6 26. Bxh6 1-0

[Event "13th Asian Continental 2014"]
[Site "Sharjah UAE"]
[Date "2014.04.19"]
[Round "3.1"]
[White "Yu, Yangyi"]
[Black "Salem, A.R. Saleh"]
[Result "1-0"]
[WhiteTitle "GM"]
[BlackTitle "GM"]
[WhiteElo "2667"]
[BlackElo "2561"]
[WhiteFideId "8603820"]
[BlackFideId "9301348"]
[EventDate "2014.04.17"]

1. e4 c5 2. Nf3 e6 3. d4 cxd4 4. Nxd4 Nc6 5. Nc3 d6 6. Be3 Nf6 7. f4 Bd7 8. Qf3
Nxd4 9. Bxd4 Qa5 10. O-O-O e5 11. Bf2 Rc8 12. fxe5 dxe5 13. Rxd7 Rxc3 14. Rd3
Rc7 15. Kb1 Bc5 16. Bh4 Be7 17. Bxf6 Bxf6 18. Be2 O-O 19. c3 Rcc8 20. Bd1 b5 21.
a3 Be7 22. Bb3 Rcd8 23. Rhd1 Qc7 24. Rxd8 Bxd8 25. Rd5 a6 26. Qd3 Be7 27. Rd7
Qc5 28. Rb7 Bg5 29. g3 Qf2 30. h4 Qd2 31. Qf3 Bf6 32. Ka2 Qd6 33. g4 h6 34. Qf5
Be7 35. h5 Qd8 36. Rd7 Qe8 37. Ra7 Bg5 38. Bd5 Bf4 39. Rxa6 Qb8 40. Qd7 1-0

[Event "13th Asian Continental 2014"]
[Site "Sharjah UAE"]
[Date "2014.04.19"]
[Round "3.2"]
[White "Adhiban, Baskaran"]
[Black "Gopal, G.N."]
[Result "1-0"]
[WhiteTitle "GM"]
[BlackTitle "GM"]
[WhiteElo "2609"]
[BlackElo "2553"]
[WhiteFideId "5018471"]
[BlackFideId "5015693"]
[EventDate "2014.04.17"]

1. e4 c5 2. Nc3 e6 3. Nf3 Nc6 4. d4 cxd4 5. Nxd4 Qc7 6. Be3 a6 7. Be2 Nf6 8. O-O
Be7 9. f4 d6 10. Kh1 O-O 11. Qe1 Nxd4 12. Bxd4 b5 13. Qg3 Bb7 14. a3 Rad8 15.
Bd3 Rd7 16. Rae1 Re8 17. Re2 Qd8 18. Qh3 Bf8 19. a4 e5 20. Bf2 bxa4 21. Bh4 Be7
22. Nxa4 exf4 23. Qf5 Nxe4 24. Nb6 Rc7 25. Rxe4 g6 26. Bxe7 Rcxe7 27. Rxe7 Bxg2+
28. Kxg2 gxf5 29. Rxe8+ Qxe8 30. Nd5 Qe5 31. Nc3 a5 32. Rf3 Kf8 33. h3 h6 34.
Kf1 Kg7 35. Be2 Qc5 36. Rxf4 Qe3 37. Rf3 Qc1+ 38. Nd1 Qxc2 39. b3 f4 40. Nf2 Kf8
41. Rd3 d5 42. Bf3 d4 43. Bd1 Qb2 44. Ke1 Kg7 45. Rf3 Qc1 46. Nd3 Qc3+ 47. Ke2
Qc6 48. Nxf4 Qb5+ 49. Kf2 Qc5 50. Kf1 Qc6 51. Nd3 Qd6 52. Be2 Qc7 53. Nf4 Qc6
54. Nd3 a4 55. bxa4 Qxa4 56. Rf4 Qa8 57. Kf2 Qd5 58. Rf3 Qd6 59. Nf4 Qc5 60. Bd3
Qc7 61. Nh5+ Kh8 62. Ng3 Qe5 63. Kg2 Qg5 64. Kf2 Qe5 65. Kf1 Qc7 66. Ne2 Qd7 67.
Kg2 Qd5 68. Kf2 Qe5 69. Ng3 Qc7 70. h4 Qe5 71. Kg2 Qe1 72. Nf5 Qd2+ 73. Kh3 Qc1
74. Ng3 Kg7 75. Rf4 Kf8 76. Rxd4 Ke7 77. Bc4 Kf6 78. Re4 Kg7 79. Rf4 Kh8 80. Rd4
Kg7 81. Bd3 Kf6 82. Re4 Qc8+ 83. Kg2 Qc6 84. Nh5+ Kg6 85. Kh3 Qxe4 86. Nf4+ Kf5
87. Kg3 Ke5 88. Bxe4 Kxe4 89. Ng2 f5 90. h5 Ke5 91. Kf3 f4 92. Nh4 Kf6 93. Kxf4 1-0

[Event "13th Asian Continental 2014"]
[Site "Sharjah UAE"]
[Date "2014.04.19"]
[Round "3.3"]
[White "Wen, Yang"]
[Black "Rahman, Ziaur"]
[Result "1/2-1/2"]
[WhiteTitle "GM"]
[BlackTitle "GM"]
[WhiteElo "2581"]
[BlackElo "2513"]
[WhiteFideId "8602956"]
[BlackFideId "10200037"]
[EventDate "2014.04.17"]

1. d4 e6 2. c4 d5 3. Nf3 Nf6 4. g3 Bb4+ 5. Bd2 Bd6 6. Nc3 c6 7. Qc2 Nbd7 8. e4
Nxe4 9. Nxe4 dxe4 10. Qxe4 Qe7 11. O-O-O f5 12. Qc2 O-O 13. Bg2 Nf6 14. Ne5 Bd7
15. Rhe1 Be8 16. Bf3 Bxe5 17. Rxe5 Ng4 18. Bxg4 fxg4 19. Bg5 Qd7 20. Qe2 Bg6 21.
Bf4 Bf5 22. Re3 b5 23. Rd2 a5 24. Kd1 Rad8 25. Re5 Qb7 26. Rc5 Kh8 27. cxb5 cxb5
28. Rc7 Qh1+ 29. Qe1 Qf3+ 30. Qe2 Qh1+ 31. Qe1 Qf3+ 1/2-1/2

[Event "13th Asian Continental 2014"]
[Site "Sharjah UAE"]
[Date "2014.04.19"]
[Round "3.5"]
[White "Bu, Xiangzhi"]
[Black "Sengupta, Deep"]
[Result "1-0"]
[WhiteTitle "GM"]
[BlackTitle "GM"]
[WhiteElo "2699"]
[BlackElo "2531"]
[WhiteFideId "8601445"]
[BlackFideId "5008352"]
[EventDate "2014.04.17"]

1. c4 c6 2. Nf3 d5 3. d4 Nf6 4. e3 e6 5. Bd3 dxc4 6. Bxc4 c5 7. O-O a6 8. dxc5
Bxc5 9. Qxd8+ Kxd8 10. Nbd2 Ke7 11. Be2 Bd7 12. Nb3 Bb6 13. Ne5 Bb5 14. Nc4 Bxc4
15. Bxc4 Nc6 16. Rd1 Rhd8 17. Bd2 Ne4 18. Be1 g6 19. Kf1 Rxd1 20. Rxd1 Rd8 21.
Rc1 f5 22. Bxa6 bxa6 23. Rxc6 Rb8 24. Ke2 Kd7 25. Rc4 e5 26. Ra4 Ra8 27. Ba5 Ba7
28. f3 Nc5 29. Nxc5+ Bxc5 30. Bc3 Bd6 31. g4 fxg4 32. fxg4 h5 33. Kd3 Bc7 34.
gxh5 gxh5 35. Ke4 a5 36. Kd5 Rg8 37. Rh4 Rg5 38. e4 Bb6 39. Rh3 a4 40. Rg3 1-0

[Event "13th Asian Continental 2014"]
[Site "Sharjah UAE"]
[Date "2014.04.19"]
[Round "3.6"]
[White "Kasimdzhanov, Rustam"]
[Black "Nguyen, Duc Hoa"]
[Result "1-0"]
[WhiteTitle "GM"]
[BlackTitle "IM"]
[WhiteElo "2693"]
[BlackElo "2508"]
[WhiteFideId "14200244"]
[BlackFideId "12401358"]
[EventDate "2014.04.17"]

1. c4 e6 2. g3 d5 3. Bg2 Nf6 4. Nf3 Be7 5. O-O O-O 6. d4 dxc4 7. Qa4 a6 8. Qxc4
b5 9. Qc2 Bb7 10. Bd2 Be4 11. Qc1 Bb7 12. Bf4 Bd6 13. Nc3 Ne4 14. Ne5 Nxc3 15.
Qxc3 Bxg2 16. Kxg2 Bxe5 17. dxe5 Nd7 18. Qc6 Nb6 19. e4 Qd7 20. Rac1 Rfc8 21. b3
h6 22. Rfd1 Qxc6 23. Rxc6 Ra7 24. Be3 Rb7 25. f4 a5 26. Rdc1 Nd7 27. Ra6 a4 28.
bxa4 bxa4 29. Rc2 Rb4 30. Kf3 Kf8 31. a3 Rb3 32. Rxa4 Nb6 33. Ra7 Ra8 34. Rxa8+
Nxa8 35. Ke2 Ke8 36. Ra2 Nb6 37. a4 Nc4 38. Bf2 Kd7 39. a5 Kc8 40. Bd4 Kb8 41.
a6 h5 42. Rc2 Rb4 43. Kd3 Na3 44. a7+ Ka8 45. Rxc7 Rxd4+ 46. Kxd4 Nb5+ 47. Kc5
Nxc7 48. Kb6 1-0

[Event "13th Asian Continental 2014"]
[Site "Sharjah UAE"]
[Date "2014.04.19"]
[Round "3.7"]
[White "Batchuluun, Tsegmed"]
[Black "Ganguly, Surya Shekhar"]
[Result "1/2-1/2"]
[WhiteTitle "GM"]
[BlackTitle "GM"]
[WhiteElo "2521"]
[BlackElo "2631"]
[WhiteFideId "4900847"]
[BlackFideId "5002150"]
[EventDate "2014.04.17"]

1. d4 Nf6 2. c4 g6 3. Nc3 d5 4. Bf4 Bg7 5. e3 O-O 6. Rc1 Be6 7. Qb3 c5 8. Qxb7
Qb6 9. Qxb6 axb6 10. dxc5 bxc5 11. a3 dxc4 12. Nd1 Ra4 13. Nc3 Ra7 14. Nd1 Ra4
15. Nc3 Ra7 16. Nd1 1/2-1/2

[Event "13th Asian Continental 2014"]
[Site "Sharjah UAE"]
[Date "2014.04.19"]
[Round "3.8"]
[White "Nguyen, Ngoc Truong Son"]
[Black "Idani, Pouya"]
[Result "1/2-1/2"]
[WhiteTitle "GM"]
[BlackTitle "IM"]
[WhiteElo "2621"]
[BlackElo "2502"]
[WhiteFideId "12401110"]
[BlackFideId "12510130"]
[EventDate "2014.04.17"]

1. d4 Nf6 2. c4 e6 3. Nc3 c5 4. d5 exd5 5. cxd5 d6 6. Nf3 g6 7. Bf4 Bg7 8. e3
O-O 9. h3 Na6 10. Bc4 Nc7 11. a4 a6 12. O-O Rb8 13. a5 b5 14. axb6 Rxb6 15. Qc2
Re8 16. Rfe1 Rb4 17. Nd2 Bb7 18. e4 Nb5 19. Qd3 Nh5 20. Be3 Qd7 21. Ra5 Nc7 22.
b3 f5 23. Na2 Rxc4 24. bxc4 f4 25. Bxc5 dxc5 26. Nf3 Qd6 27. Qa3 Bf8 28. Nc1 Qb6
29. e5 Ng7 30. Ra4 Nf5 31. Qb3 Na8 32. Ra2 Qb4 33. Re4 Nd6 34. Rxf4 Bh6 35. Rg4
Bxc1 36. Qc2 Rxe5 37. Qxc1 Re7 38. Rb2 Qa5 39. h4 Qc7 40. h5 Bc8 41. Rg5 Ne4 42.
hxg6 Nxg5 43. Qxg5 hxg6 44. Qxg6+ Rg7 45. Qe8+ Kh7 46. Re2 Qf4 47. Re4 Nc7 48.
Qh5+ Qh6 49. Qe5 Bg4 1/2-1/2

[Event "13th Asian Continental 2014"]
[Site "Sharjah UAE"]
[Date "2014.04.19"]
[Round "3.9"]
[White "Debashis, Das"]
[Black "Vidit, Santosh Gujrathi"]
[Result "1/2-1/2"]
[WhiteTitle "GM"]
[BlackTitle "GM"]
[WhiteElo "2504"]
[BlackElo "2610"]
[WhiteFideId "5024854"]
[BlackFideId "5029465"]
[EventDate "2014.04.17"]

1. d4 Nf6 2. c4 e6 3. Nf3 b6 4. Nc3 Bb7 5. Qc2 c5 6. dxc5 Bxc5 7. Bg5 h6 8. Bh4
Nc6 9. e3 Rc8 10. Be2 Be7 11. O-O g5 12. Bg3 Nh5 13. Rad1 Nxg3 14. fxg3 O-O 15.
Kh1 a6 16. g4 d6 17. Ne4 b5 18. Ng3 bxc4 19. Nh5 Qc7 20. Bxc4 Na5 21. b3 Nxc4
22. bxc4 Bxf3 23. Rxf3 Qxc4 24. Qb2 Qc3 25. Qb7 1/2-1/2

[Event "13th Asian Continental 2014"]
[Site "Sharjah UAE"]
[Date "2014.04.19"]
[Round "3.10"]
[White "Wang, Chen"]
[Black "Jumabayev, Rinat"]
[Result "1/2-1/2"]
[WhiteTitle "IM"]
[BlackTitle "GM"]
[WhiteElo "2513"]
[BlackElo "2580"]
[WhiteFideId "8601020"]
[BlackFideId "13702661"]
[EventDate "2014.04.17"]

1. e4 c5 2. Nc3 e6 3. Nf3 Nc6 4. d4 cxd4 5. Nxd4 Qc7 6. g3 a6 7. Bg2 d6 8. O-O
Bd7 9. Re1 Be7 10. Nxc6 Bxc6 11. Bf4 Rd8 12. Qe2 Nf6 13. e5 dxe5 14. Bxe5 Qb6
15. Ne4 Nxe4 16. Bxe4 O-O 17. Rad1 Bxe4 18. Qxe4 Rfe8 19. Bc3 Bf8 20. a4 Qc7 21.
a5 Rd7 22. Rxd7 Qxd7 23. Re2 Qd1+ 24. Re1 Qd7 25. Re2 Qd8 1/2-1/2

[Event "13th Asian Continental 2014"]
[Site "Sharjah UAE"]
[Date "2014.04.19"]
[Round "3.11"]
[White "Sethuraman, S.P."]
[Black "Vishnu Prasanna, V"]
[Result "1/2-1/2"]
[WhiteTitle "GM"]
[BlackTitle "GM"]
[WhiteElo "2576"]
[BlackElo "2465"]
[WhiteFideId "5021596"]
[BlackFideId "5030692"]
[EventDate "2014.04.17"]

1. d4 Nf6 2. c4 e6 3. Nc3 Bb4 4. f3 c5 5. d5 d6 6. e4 O-O 7. Ne2 a6 8. Ng3 Re8
9. Be2 exd5 10. cxd5 Nbd7 11. O-O Nf8 12. a3 Ba5 13. Rb1 b5 14. b4 Bb6 15. Kh1
h5 16. Bd3 h4 17. Nge2 c4 18. Bc2 Nh5 19. Qd2 Re5 20. f4 Ng3+ 21. Nxg3 hxg3 22.
fxe5 Qh4 23. h3 Bxh3 24. Qg5 Bxg2+ 25. Kxg2 Qh2+ 26. Kf3 Ng6 27. Bf4 Qxc2 28.
Kxg3 Qxc3+ 29. Rf3 Qc2 30. e6 Qxb1 31. exf7+ Kxf7 32. Qf5+ Kg8 33. Qe6+ Kh7 34.
Qh3+ Kg8 35. Qe6+ Kh7 36. Qh3+ Kg8 1/2-1/2

[Event "13th Asian Continental 2014"]
[Site "Sharjah UAE"]
[Date "2014.04.19"]
[Round "3.14"]
[White "Gupta, Abhijeet"]
[Black "Abdyjapar, Asyl"]
[Result "1-0"]
[WhiteTitle "GM"]
[BlackTitle "IM"]
[WhiteElo "2630"]
[BlackElo "2406"]
[WhiteFideId "5010608"]
[BlackFideId "13800337"]
[EventDate "2014.04.17"]

1. Nf3 Nf6 2. c4 d6 3. d4 Nbd7 4. Nc3 e5 5. Bg5 Be7 6. e3 O-O 7. Qc2 c6 8. Bd3
h6 9. Bxf6 Bxf6 10. O-O-O a6 11. h4 b5 12. g4 exd4 13. exd4 bxc4 14. Bh7+ Kh8
15. g5 Be7 16. gxh6 g6 17. h5 Kxh7 18. Rdg1 Rg8 19. Ne4 Kh8 20. Neg5 Bxg5+ 21.
Nxg5 Qf6 22. Nxf7+ Qxf7 23. hxg6 Rxg6 24. Qxg6 Qxg6 25. Rxg6 Nf8 26. Rxd6 Be6
27. Re1 Bd5 28. Re7 a5 29. f4 Kg8 30. f5 Kh8 31. f6 Kg8 32. Rxd5 cxd5 33. f7+
Kh7 34. Re8 1-0

[Event "13th Asian Continental 2014"]
[Site "Sharjah UAE"]
[Date "2014.04.19"]
[Round "3.16"]
[White "Xu, Yinglun"]
[Black "Lalith, Babu M.R."]
[Result "1-0"]
[BlackTitle "GM"]
[WhiteElo "2381"]
[BlackElo "2594"]
[WhiteFideId "8604940"]
[BlackFideId "5024595"]
[EventDate "2014.04.17"]

1. d4 Nf6 2. c4 e6 3. Nf3 b6 4. g3 Bb7 5. Bg2 g6 6. O-O Bg7 7. Qc2 O-O 8. Nc3
Na6 9. Rd1 Qe7 10. e4 d5 11. e5 Nd7 12. Bg5 Qe8 13. cxd5 exd5 14. Qd2 c6 15. h4
Nc7 16. Bh6 c5 17. Re1 Rd8 18. Rad1 Nb8 19. Bg5 Rd7 20. Bh3 Ne6 21. Nb5 Nxg5 22.
hxg5 Re7 23. Nd6 Qc6 24. dxc5 bxc5 25. Nxb7 Rxb7 26. Nh2 Rb4 27. Bg2 Rd4 28. Qc1
Rxd1 29. Rxd1 Rd8 30. Qc4 Bxe5 31. Bxd5 Qc7 32. Bxf7+ Kg7 33. Rxd8 Qxd8 34. Qxc5
Bd4 35. Qc4 Bxb2 36. Bd5 Nd7 37. Qb5 Bd4 38. Qb7 Kh8 39. Nf3 Bb6 40. Qc6 Nc5 41.
a4 Qd7 42. Qf6+ Qg7 43. Qd6 Nd7 44. Kg2 Nf8 45. Qb4 Nd7 46. Qc4 Nf8 47. Qc8 Qe7
48. Qc3+ Qg7 49. Ne5 Nd7 50. Nf7+ Kg8 51. Qc8+ Nf8 52. Nd8+ 1-0

[Event "13th Asian Continental 2014"]
[Site "Sharjah UAE"]
[Date "2014.04.19"]
[Round "3.17"]
[White "Omar, Noaman"]
[Black "Vaibhav, Suri"]
[Result "1-0"]
[WhiteTitle "IM"]
[BlackTitle "GM"]
[WhiteElo "2361"]
[BlackElo "2530"]
[WhiteFideId "9300244"]
[BlackFideId "5045185"]
[EventDate "2014.04.17"]

1. d4 Nf6 2. c4 e6 3. Nf3 d5 4. Nc3 c6 5. Bg5 dxc4 6. e4 b5 7. e5 h6 8. Bh4 g5
9. Bg3 Nd5 10. Nd2 Qa5 11. Nde4 Nd7 12. Be2 Bb7 13. O-O Qb6 14. a4 a6 15. Qd2
Be7 16. h3 c5 17. Nxd5 Bxd5 18. Nc3 Bb7 19. d5 b4 20. a5 bxc3 21. bxc3 Qa7 22.
d6 Bf8 23. Bxc4 O-O-O 24. Rfb1 Kb8 25. Qc2 Kc8 26. Qd3 Nb8 27. Rb6 Rd7 28. Qe3
Bg7 29. Rab1 Kd8 30. Qxc5 Qa8 31. Bb3 Be4 32. Bc2 Bb7 33. Ba4 1-0

[Event "13th Asian Continental 2014"]
[Site "Sharjah UAE"]
[Date "2014.04.19"]
[Round "3.18"]
[White "Fang, Yan"]
[Black "Gundavaa, Bayarsaikhan"]
[Result "1-0"]
[BlackTitle "GM"]
[WhiteElo "2323"]
[BlackElo "2507"]
[WhiteFideId "8604746"]
[BlackFideId "4901045"]
[EventDate "2014.04.17"]

1. e4 c5 2. Nf3 d6 3. d4 cxd4 4. Nxd4 Nf6 5. Nc3 a6 6. Bc4 e6 7. Bb3 b5 8. O-O
Be7 9. Qf3 Qb6 10. Be3 Qb7 11. a3 O-O 12. Rfe1 Nc6 13. Qg3 Bd7 14. Nxc6 Bxc6 15.
Bh6 Ne8 16. f4 Qb6+ 17. Kh1 Qd8 18. Bg5 Bxg5 19. fxg5 a5 20. a4 bxa4 21. Bxa4
Bxa4 22. Nxa4 Rb8 23. b3 g6 24. Nb2 Rc8 25. Nc4 Rc5 26. Qc3 Qxg5 27. Rxa5 Nf6
28. Rxc5 dxc5 29. Qf3 e5 30. g3 Ne8 31. Qc3 f6 32. Nb6 Nc7 33. Qxc5 Ne6 34. Qc4
Qg4 35. Qe2 h5 36. Nd5 Nd4 37. Qxg4 hxg4 38. Ne3 f5 39. Rf1 Kg7 40. exf5 Nxf5
41. Re1 Nxe3 42. Rxe3 Rf2 43. Rc3 Rf1+ 44. Kg2 Rb1 45. Rc6 Kh6 46. Rc5 Re1 47.
b4 Re2+ 48. Kg1 e4 49. b5 e3 50. Kf1 Rxh2 51. Rc3 Rf2+ 52. Ke1 1-0

[Event "13th Asian Continental 2014"]
[Site "Sharjah UAE"]
[Date "2014.04.19"]
[Round "3.19"]
[White "Chu, Wei Chao"]
[Black "Wan, Yunguo"]
[Result "1-0"]
[BlackTitle "IM"]
[WhiteElo "2315"]
[BlackElo "2505"]
[WhiteFideId "8605661"]
[BlackFideId "8603189"]
[EventDate "2014.04.17"]

1. d4 Nf6 2. c4 g6 3. Nc3 Bg7 4. e4 d6 5. Nf3 O-O 6. Be2 e5 7. O-O Nc6 8. d5 Ne7
9. Ne1 Nd7 10. Nd3 f5 11. Bd2 Nf6 12. f3 c6 13. Be3 Kh8 14. c5 cxd5 15. cxd6
Qxd6 16. Bc5 Qd8 17. Nxe5 Qc7 18. Bd4 Be6 19. Rc1 Qb8 20. Nb5 Rc8 21. Rxc8+ Qxc8
22. Qd2 dxe4 23. Rc1 Qg8 24. Rc7 e3 25. Qe1 Nfd5 26. Qh4 Nxc7 27. Nxc7 Re8 28.
b3 Bf7 29. Nxf7+ Qxf7 30. Bc4 Nd5 31. Nxe8 Qxe8 32. Bxd5 e2 33. Bxg7+ Kxg7 34.
Qd4+ Kh6 35. Qd2+ g5 36. Kf2 Qe5 37. Bc4 Qf6 1-0

[Event "13th Asian Continental 2014"]
[Site "Sharjah UAE"]
[Date "2014.04.19"]
[Round "3.20"]
[White "Igonin, Temur"]
[Black "Al-Sayed, Mohammed"]
[Result "0-1"]
[WhiteTitle "FM"]
[BlackTitle "GM"]
[WhiteElo "2194"]
[BlackElo "2502"]
[WhiteFideId "14203049"]
[BlackFideId "12100196"]
[EventDate "2014.04.17"]

1. e4 c5 2. Nf3 d6 3. d4 cxd4 4. Nxd4 Nf6 5. Nc3 a6 6. Bg5 Nbd7 7. Bc4 Qb6 8.
Bb3 e6 9. Qd2 Be7 10. O-O-O Nc5 11. f3 Qc7 12. Kb1 Bd7 13. g4 b5 14. a3 Rb8 15.
h4 a5 16. Bxf6 Bxf6 17. g5 Be7 18. h5 b4 19. axb4 axb4 20. Nce2 Qa5 21. Nc1 Bxg5
22. Qxg5 Nxb3 23. Qxa5 Nxa5 24. Rhg1 g6 25. Rg5 e5 26. Nde2 Ke7 27. f4 Nc6 28.
Nd3 h6 29. Rg3 gxh5 30. f5 Rbg8 31. Re3 Rg4 32. Rh1 f6 33. Rxh5 Be8 34. Rh2 Bf7
35. Nf2 Rg5 36. Rd3 Bc4 37. Rd2 Bxe2 38. Nh3 Bf3 39. Nxg5 fxg5 40. f6+ Ke6 41.
f7 Kxf7 42. Rxd6 Ne7 43. Rf2 g4 44. Kc1 h5 45. Kd2 h4 46. Ke3 h3 47. Rdd2 Ke6
48. c4 bxc3 49. bxc3 Rc8 50. Rd3 Rc4 51. Rxf3 gxf3 52. Kxf3 Ng6 0-1

[Event "13th Asian Continental 2014"]
[Site "Sharjah UAE"]
[Date "2014.04.19"]
[Round "3.21"]
[White "Mamyrbay, Assad"]
[Black "Dao, Thien Hai"]
[Result "1/2-1/2"]
[BlackTitle "GM"]
[WhiteElo "2017"]
[BlackElo "2490"]
[WhiteFideId "13708880"]
[BlackFideId "12400084"]
[EventDate "2014.04.17"]

1. e4 c6 2. d4 d5 3. Nc3 dxe4 4. Nxe4 Nd7 5. Ng5 Ngf6 6. Bd3 e6 7. N1f3 h6 8.
Nxe6 Qe7 9. O-O fxe6 10. Bg6+ Kd8 11. Bf4 Nh7 12. Qd2 Ng5 13. Bxg5 hxg5 14. Nxg5
Rh6 15. Nf7+ Kc7 16. Nxh6 gxh6 17. Rfe1 Qf6 18. Be4 Nb6 19. Rad1 a5 20. Qd3 Bd7
21. c4 Re8 22. a3 Be7 23. Qc3 Rf8 24. Qxa5 Qxf2+ 25. Kh1 Ra8 26. Qc3 Na4 27. Qb3
Qxb2 28. Qg3+ Bd6 29. Qg7 Nc3 30. Rb1 Nxb1 31. Rxb1 Rf8 32. g3 Qxa3 33. c5 Bxc5
34. dxc5 Qxc5 35. Rd1 Rd8 36. Qxh6 Qe5 37. Qh7 Kc8 38. Bg6 Qf6 39. Be4 Be8 40.
Rxd8+ Kxd8 41. Kg2 Qe7 42. Qh8 Qf7 43. h4 Ke7 44. Qb2 Kf8 45. Qh8+ Ke7 46. Qb2
Kf8 47. Qh8+ 1/2-1/2

[Event "13th Asian Continental 2014"]
[Site "Sharjah UAE"]
[Date "2014.04.19"]
[Round "3.23"]
[White "Vakhidov, Jahongir"]
[Black "Najjar, Ahmad"]
[Result "1-0"]
[WhiteTitle "IM"]
[BlackTitle "FM"]
[WhiteElo "2472"]
[BlackElo "2261"]
[WhiteFideId "14201801"]
[BlackFideId "5300100"]
[EventDate "2014.04.17"]

1. d4 Nf6 2. c4 e6 3. Nc3 d5 4. cxd5 exd5 5. Bg5 c6 6. Qc2 Be7 7. e3 Nbd7 8. Bd3
Nh5 9. Bxe7 Qxe7 10. O-O-O g6 11. Nf3 O-O 12. g4 Ng7 13. Rdg1 Nf6 14. Ne5 Nfe8
15. h4 f6 16. Nf3 f5 17. h5 fxg4 18. Ne5 Nd6 19. Nxg4 Bxg4 20. Rxg4 Rf6 21. hxg6
h5 22. Rg2 a5 23. Ne2 Raf8 24. Nf4 Rxf4 25. exf4 Rxf4 26. Qe2 Qf6 27. Qe5 Nde8
28. Rxh5 Qxe5 29. Rxe5 Rxd4 30. Bc2 b5 31. Re7 Rf4 32. Rh2 a4 33. Rf7 Nf6 34.
Rh8+ Kxh8 35. Rf8+ Ng8 36. Rxf4 Ne8 37. Rf8 Nd6 38. Rf7 Nxf7 39. gxf7 Kg7 1-0

[Event "13th Asian Continental 2014"]
[Site "Sharjah UAE"]
[Date "2014.04.19"]
[Round "3.24"]
[White "Kunte, Abhijit"]
[Black "Chahrour, Ibrahim"]
[Result "1-0"]
[WhiteTitle "GM"]
[BlackTitle "FM"]
[WhiteElo "2470"]
[BlackElo "2079"]
[WhiteFideId "5002265"]
[BlackFideId "5301653"]
[EventDate "2014.04.17"]

1. d4 d6 2. Nf3 Bg4 3. c4 Bxf3 4. exf3 Nd7 5. Qb3 Rb8 6. Nc3 e6 7. f4 Ne7 8. d5
g6 9. Be3 b6 10. dxe6 fxe6 11. c5 Nxc5 12. Bxc5 bxc5 13. Qxe6 Qd7 14. Qf6 Rg8
15. Bc4 Rg7 16. O-O-O Qf5 17. Bb5+ Rxb5 18. Qxf5 Nxf5 19. Nxb5 c6 20. Rhe1+ Kd8
21. Nc3 d5 22. Ne4 h6 23. Nf6 Be7 24. Ng4 Bd6 25. g3 a5 26. Re6 Kc7 27. Nf6 Re7
28. Rde1 c4 29. Rxe7+ Bxe7 30. Re6 Bc5 31. Ng4 d4 32. Ne5 Nd6 33. Re7+ Kb6 34.
Nd7+ Kb5 35. Re5 Nb7 36. Kc2 a4 37. a3 1-0